Fr. Conceicao Rodrigues College of Engineering

Visuals Basics 6 in Record Time (Record no. 26256)

MARC details
000 -LEADER
fixed length control field 00325nam a2200157Ia 4500
082 ## - DEWEY DECIMAL CLASSIFICATION NUMBER
Classification number 005.133'VB'
Item number BRO
100 ## - MAIN ENTRY--PERSONAL NAME
Personal name Brown / Steve
250 ## - EDITION STATEMENT
Edition statement 1
245 ## - TITLE STATEMENT
Title Visuals Basics 6 in Record Time
260 ## - PUBLICATION, DISTRIBUTION, ETC.
Name of publisher, distributor, etc. B.P.B Pub
Date of publication, distribution, etc. 1998
300 ## - PHYSICAL DESCRIPTION
Extent 659
546 ## - LANGUAGE NOTE
Language note ENGLISH
654 ## - SUBJECT ADDED ENTRY--FACETED TOPICAL TERMS
Focus term Computer
942 ## - ADDED ENTRY ELEMENTS (KOHA)
Koha item type BOOK
Holdings
Withdrawn status Lost status Damaged status Not for loan Collection Home library Current library Date acquired Total Checkouts Full call number Barcode Date last seen Price effective from Koha item type
        CRC Fr. Agnel's C.Rodrigues College of Engineering Fr. Agnel's C.Rodrigues College of Engineering 17/03/2023   005.133'VB' BRO 11469 17/03/2023 17/03/2023 BOOK